00916cam a22002894a 4500999001500000001000600015003000900021005001700030008004100047010001700088020001500105020001500120040002800135042000800163082001800171245006700189250001200256260003700268300004700305490002600352504005100378650002700429650001800456700002400474942001200498952011600510 c7589d758911465BD-DhUAP20210125112912.0210125s2004 nyua b 001 0 eng  a 2004561121 a0071410929 a0071440976 aDLCcDLCdBD-DhUAPbeng apcc 223a615.1 BAS00aBasic & clinical pharmacology /cedited by Bertram G. Katzung. a9th ed. aNew York :bMcGraw Hill,cc2004. axiv, 1202 pages :billustrations ;c24 cm. aa LANGE medical book. aIncludes bibliographical references and index. 0aClinical pharmacology. 0aPharmacology.1 aKatzung, Bertram G. 2ddccBK 00102ddc4070aUAPCLbUAPCLcReserve Stacksd2021-01-25o615.1 BASp3010011465r2021-01-25t1w2021-01-25yBK